Международная летняя школа в области защиты окружающей среды как форма дополнительного образования; Ч.1

Bibliographische Detailangaben
Parent link:Ч.1.— 2014.— с. 265-269
1. Verfasser: Васильев А. В.
Sprache:Russisch
Veröffentlicht: 2014
Format: MixedMaterials Buchkapitel
KOHA link:https://koha.lib.tpu.ru/cgi-bin/koha/opac-detail.pl?biblionumber=267542

MARC

LEADER 00000naa2a2200000 4500
001 267542
005 20231031223802.0
035 |a (RuTPU)RU\TPU\book\290599 
035 |a RU\TPU\book\290596 
090 |a 267542 
100 |a 20140731d2014 k y0rusy50 ca 
101 0 |a rus 
102 |a RU 
200 1 |a Международная летняя школа в области защиты окружающей среды как форма дополнительного образования  |f А. В. Васильев 
463 0 |0 (RuTPU)RU\TPU\book\283101  |t Ч.1  |v с. 265-269  |d 2014  |p 282 с. 
700 1 |a Васильев  |b А. В. 
801 1 |a RU  |b 63413507  |c 20140728 
801 2 |a RU  |b 63413507  |c 20140731  |g RCR 
942 |c BK